000 00623nam a2200253Ia 4500
001 51852
005 20240114005241.0
007 ta
008 100205s2006 g b000 u 465 u
020 _a0-415-38955-0
040 _aCotton College,Guwah
041 _a465
082 _a305.42
_bJu 899 Ge
100 _aButler , Judith .
245 0 _aGender Trouble /
_cJudith Butler.
_hTextual Documents
250 _a2nd ed. /
260 _aN. York :
_bRoutledge ,
_c2006.
300 _a236 ;
504 _aIndex,Notes
653 _aFeminism
942 _2ddc
_cBK
999 _c51816
_d51816